|
|
|
|
| LEADER |
01534nam a22003377a 4500 |
| 001 |
44801 |
| 003 |
BD-DhAAL |
| 005 |
20250915173022.0 |
| 008 |
250915r20182015enk||||| |||| 00| 0 eng d |
| 020 |
|
|
|a 9780099590392
|
| 040 |
|
|
|a BD-DhAAL
|c BD-DhAAL
|
| 041 |
|
|
|a eng
|h jpn
|
| 082 |
|
|
|a 895.635
|2 23
|
| 100 |
|
|
|a Murakami, Haruki,
|d 1949-
|e author.
|
| 245 |
|
|
|a Hear the wind sing and pinball, 1973 /
|c Haruki Murakami ; translated from the Japanese by Ted Goossen.
|
| 260 |
|
|
|a London :
|b Vintage,
|c 2015 [reissued 2018].
|
| 300 |
|
|
|a xvi, 162 pages ;
|c 20 cm
|
| 505 |
0 |
0 |
|t Hear the wind sing --
|t Pinball, 1973.
|
| 541 |
|
|
|a Donated by Farhana Zahir, Assistant Professor, BRAC Business School, BRAC University
|e 44801
|
| 546 |
|
|
|a Text translated from the Japanese.
|
| 650 |
|
|
|a College students
|z Japan
|v Fiction.
|9 59334
|
| 650 |
|
|
|a Loneliness
|v Fiction.
|9 59335
|
| 650 |
|
|
|a Nineteen sixties
|v Fiction.
|9 59336
|
| 650 |
|
|
|a Young men
|v Fiction.
|
| 650 |
|
|
|a Pinball machines
|v Fiction.
|9 59337
|
| 651 |
|
|
|a Japan
|v Fiction.
|
| 700 |
|
|
|a Goossen, Ted,
|e translator.
|9 57219
|
| 852 |
|
|
|a Ayesha Abed Library
|c General Stacks
|
| 942 |
|
|
|2 ddc
|c BK
|
| 999 |
|
|
|c 47543
|d 47543
|
| 952 |
|
|
|0 0
|1 0
|2 ddc
|4 0
|6 895_635000000000000_MUR
|7 0
|9 78197
|a BRACUL
|b BRACUL
|c NEW
|d 2025-09-15
|e Donated by Farhana Zahir, Assistant Professor, BRAC Business School, BRAC University
|l 4
|m 29
|o 895.635 MUR
|p 3010044801
|q 2026-06-02
|r 2026-05-20
|s 2026-05-20
|t 1
|w 2025-09-15
|y BK
|x Donated by Farhana Zahir, Assistant Professor, BRAC Business School, BRAC University ; £9.99
|